The milky way galaxy (Record no. 8494)

MARC details
000 -LEADER
fixed length control field 00998nam a2200253Ia 4500
003 - CONTROL NUMBER IDENTIFIER
control field IN-BaIIA
008 - FIXED-LENGTH DATA ELEMENTS--GENERAL INFORMATION
fixed length control field 211028s9999 xx 000 0 eng d
020 ## - INTERNATIONAL STANDARD BOOK NUMBER
International Standard Book Number 90-277-1920-9
040 ## - CATALOGING SOURCE
Transcribing agency IIA Library
080 ## - UNIVERSAL DECIMAL CLASSIFICATION NUMBER
Universal Decimal Classification number 082.2:52
Item number IAU-S106
111 ## - MAIN ENTRY--MEETING NAME
Meeting name or jurisdiction name as entry element International Astronomical Union
Location of meeting  Netherlands
Date of meeting or treaty signing 1983 May 30-June 3
9 (RLIN) 14231
245 #4 - TITLE STATEMENT
Title The milky way galaxy
Remainder of title proceedings of the 106th Symposium of the International Astronomical Union held in Groningen, the Netherlands, 30 May-3 June, 1983
Statement of responsibility, etc. edited by  Hugo van Woerden ,  Ronald J. Allen and  W.B. Burton
260 ## - PUBLICATION, DISTRIBUTION, ETC.
Place of publication, distribution, etc. Dordrecht
Name of publisher, distributor, etc. D. Reidel Publishing
Date of publication, distribution, etc. 1985
300 ## - PHYSICAL DESCRIPTION
Extent xxiv, 660p.
650 ## - SUBJECT ADDED ENTRY--TOPICAL TERM
Topical term or geographic name entry element Astronomy and Astrophysics Thesaurus
650 ## - SUBJECT ADDED ENTRY--TOPICAL TERM
Topical term or geographic name entry element Galactic center
9 (RLIN) 2909
650 ## - SUBJECT ADDED ENTRY--TOPICAL TERM
Topical term or geographic name entry element Galaxies
9 (RLIN) 1286
650 ## - SUBJECT ADDED ENTRY--TOPICAL TERM
Topical term or geographic name entry element Local group of Galaxies
9 (RLIN) 1288
650 ## - SUBJECT ADDED ENTRY--TOPICAL TERM
Topical term or geographic name entry element Milky way galaxy
9 (RLIN) 1167
700 ## - ADDED ENTRY--PERSONAL NAME
Personal name Allen, Ronald J., ed.
9 (RLIN) 14232
700 ## - ADDED ENTRY--PERSONAL NAME
Personal name Butler, Burton W., ed.
9 (RLIN) 14233
700 ## - ADDED ENTRY--PERSONAL NAME
Personal name Van Woerden, Hugo,. ed.
9 (RLIN) 5345
942 ## - ADDED ENTRY ELEMENTS (KOHA)
Koha item type Books
Holdings
Withdrawn status Lost status Damaged status Not for loan Home library Current library Shelving location Date acquired Total Checkouts Full call number Barcode Date last seen Price effective from Koha item type Purchase Price
        IIA Library-Bangalore IIA Library-Bangalore General Stacks 14/10/1985   082.2:52/ IAU-S106 9359 05/11/2021 14/10/1985 Books DFL 22.50

Powered by Koha